000 00868nam a2200301 a 4500
001 44576
003 AR-BaAGN
005 20231117134908.0
007 ta
008 s2020 ag |||||r|||| ||| ||spa d
020 _a978-950-49-7136-8
040 _aAR-BaAGN
_bspa
_eaacr
100 1 _aElía, Catalina de
_94327
245 1 0 _aMaten a Duarte /
_cCatalina de Elía.
250 _a1a ed.
260 _aCiudad Autónoma de Buenos Aires :
_bPlaneta,
_c2020.
300 _a220 páginas ;
_c23 cm.
336 _2rdacontent
_btxt
337 _2rdamedia
_bn
338 _2rdacarrier
_bnc
500 _aEn tapa: "Historia secreta de la muerte del hermano de Evita"
600 1 4 _aDuarte, Juan,
_d1914-1953
_94329
650 4 _aINVESTIGACIÓN PERIODÍSTICA
_993
650 4 _aPOLÍTICA
_92164
650 4 _aJUECES
_91234
650 4 _aPERONISMO
_92600
942 _cLIBRO
_n0
999 _c44576
_d44576